000 00575nam a22001937a 4500
003 OSt
005 20260113064030.0
008 260113b |||||||| |||| 00| 0 eng d
020 _a978-971-07-4147-2
040 _aDWCL - Main lib
_cOC
082 _aFil. 510 C932 2018
100 _aCrisostomo,Ricardo M.
245 _aOur World Of Math 7 /
_cRicardo M. Crisostomo
260 _aQuezon City: Philippines
_bVibal Group,
_cc2018.
300 _aviii,360P:
_bcol. ill.;
_c26 cm.
504 _a1.Includes bibliography
650 _a1.Mathematics
942 _2ddc
_cBK - FIL
_mFil.
_n0
999 _c7334
_d7334